US States Not Containing 'S' - Statistics

General Stats
  • This quiz has been taken 125 times
    80 since last reset
  • The average score is 28 of 29
Answer Stats
State % Correct
Alabama
100%
North Carolina
100%
North Dakota
100%
Colorado
98%
Connecticut
98%
Delaware
98%
Florida
98%
Georgia
98%
Hawaii
98%
Maine
98%
Nevada
98%
New Mexico
98%
New York
98%
Ohio
98%
Oklahoma
98%
Vermont
98%
California
96%
Kentucky
96%
Oregon
96%
Utah
96%
Virginia
96%
Wyoming
96%
Arizona
94%
Idaho
94%
Indiana
94%
Maryland
94%
Montana
94%
Michigan
92%
Iowa
91%
No matching quizzes found
Score Distribution
Percent of People with Each Score
Percentile by Number Answered
Your Score History
You have not taken this quiz since the last reset